Nespravodlivé právo
Problém nespravodlivého práva ako súčasť vzťahu práva a morálky. Radbruchova formula je zlučiteľná s pozitivizmom. Význam času pre riešenie problému nespravodlivého práva.
Gespeichert in:
| 1. Verfasser: | |
|---|---|
| Format: | Buchkapitel |
| Sprache: | Slowakisch |
| Schlagworte: | |
| Tags: |
Keine Tags, Fügen Sie das erste Tag hinzu!
|
MARC
| LEADER | 00000naa a2200000 4500 | ||
|---|---|---|---|
| 001 | r042404 | ||
| 005 | 20230929081006.9 | ||
| 041 | 0 | |a slo | |
| 044 | |a SK | ||
| 245 | 1 | 0 | |a Nespravodlivé právo |c Eduard Bárány |
| 520 | |a Problém nespravodlivého práva ako súčasť vzťahu práva a morálky. Radbruchova formula je zlučiteľná s pozitivizmom. Význam času pre riešenie problému nespravodlivého práva. | ||
| 610 | 2 | 0 | |a právo |
| 610 | 2 | 0 | |a morálka |
| 610 | 2 | 0 | |a etika |
| 610 | 2 | 0 | |a psychológia |
| 610 | 2 | 0 | |a vzťahy spoločenské |
| 610 | 2 | 0 | |a normy právne |
| 100 | 1 | |a Bárány, Eduard | |